[Event "Baden-Baden-B"]
[Site "Baden-Baden"]
[Date "1992.12.08"]
[Round "4"]
[White "Van der Wiel, John"]
[Black "Bischoff, Klaus"]
[Result "1-0"]
[WhiteElo "2545"]
[BlackElo "2510"]
[Annotator "Blatny,P"]
[PlyCount "59"]
[EventDate "1992.12.??"]
[EventType "tourn"]
[EventRounds "11"]
[EventCountry "GER"]
[EventCategory "11"]
[SourceTitle "CBM 033"]
[Source "ChessBase"]
[SourceDate "1993.04.01"]
[SourceVersion "1"]
[SourceVersionDate "1993.04.01"]
[SourceQuality "1"]

1. e4 c5 2. Nf3 e6 3. d4 cxd4 4. Nxd4 a6 5. c4 Nf6 (5... d5 $6 6. exd5 $1 exd5
7. Nc3 Nf6 8. Bg5 Be7 (8... dxc4 9. Bxc4 Be7 10. O-O O-O 11. Re1 b5 12. Rxe7 $1
Qxe7 13. Nd5 $44) 9. Bxf6 Bxf6 10. Qe2+ $14 Kf8 11. Rd1 (11. O-O-O Nc6 $132)
11... Nc6 12. Nxc6 bxc6 13. cxd5 cxd5 14. Nxd5 {Van der Wiel-Kurajica, Manila
(ol) 1992} Rb8 $14) (5... Nc6 6. Nc2 $14) (5... b6 6. Be2 Bb7 7. Nc3 d6 8. f4
Nf6 9. Bf3 $14 {Sokolov-Lutikov, USSR 1981}) 6. Nc3 (6. Qf3 $6 Bc5 7. Nc2 d6 8.
Bg5 Nbd7 9. Nc3 h6 10. Bh4 Qc7 $15 {Keres-Boleslavskij, USSR 1958}) (6. Bd3 Nc6
7. Nc2 (7. Nxc6 dxc6 8. O-O e5 $10) 7... d5 $1 $10) 6... Qc7 (6... d6 7. Be2
Be7 8. O-O O-O 9. f4 Re8 10. Be3 Nbd7 11. Qe1 Qc7 12. Qg3 $14 {Nunn-Sunye Neto,
Wijk aan Zee 1982}) 7. Be2 (7. Be3 Bb4 8. Bd3 Bxc3+ 9. bxc3 d6 10. f4 Nbd7 11.
O-O Nc5 $10 {Bellon-Gheorghiu, Roma 1983}) (7. Bd3 Nc6 8. Nde2 Bc5 9. O-O Ne5
10. h3 d6 $132) (7. a3 b6 8. Bd3 Bb7 9. O-O Nc6 10. Nxc6 Qxc6 11. Qe2 {+/=/=})
7... b6 (7... Bb4 8. Nc2 Bxc3+ 9. bxc3 Nc6 (9... Nxe4 10. Qd4 Nf6 11. Bf4 $44)
10. Qd3 O-O 11. Ba3 Rd8 12. Bd6 Qa5 13. Nb4 Ne8 $10 {Chandler-Gheorghiu,
Indonesia 1982}) 8. Be3 Bb7 9. f3 Be7 10. Rc1 O-O 11. Kf2 $5 (11. O-O Bd6 $1
12. Kh1 $6 (12. f4 $2 Nxe4) (12. h3 $2 Bh2+ 13. Kh1 Nh5 $1) 12... Bxh2 13. f4
Bg3 14. Rf3 Nh5) (11. g3) 11... Rd8 $1 (11... Nc6 12. Nd5 $1) 12. g4 $5 (12. a3
{/\ 13.b2-b4}) 12... Nc6 13. Nxc6 (13. Nb3 $5 Ne5 $5 14. g5 Nh5 15. f4 Nxf4 16.
Bxf4 Nd3+ 17. Bxd3 Qxf4+ 18. Qf3 Qxg5 $36) 13... dxc6 14. Qg1 c5 15. h4 Bd6 $6
(15... Rd4 $5 16. Bxd4 $6 (16. g5 Nh5 17. Qg4 g6 $1 $44) 16... cxd4 {/\ 17...
d4-d3, 18...Be7-c5}) 16. h5 Bf4 17. g5 Bxe3+ $5 (17... Nd7) 18. Kxe3 Nd7 (18...
Ne8 {/\e5;Nc7-e6-d4} 19. g6 $40) 19. Qh2 $1 Ne5 $6 (19... Qxh2 20. Rxh2 $14 {()
}) (19... e5 20. Nd5 Bxd5 21. exd5 $16) 20. h6 g6 $8 21. Qf4 {/\ 22.Qf4-f6} f5
$8 22. gxf6 Rd7 (22... Rd4 $2 23. f7+ Kf8 24. Qf6 Nxf7 25. Qxe6 $16) (22... Kf7
$5 23. Rhg1 Rd4 24. Rg5 Nxc4+ 25. Bxc4 Qxf4+ 26. Kxf4 Rxc4 27. Rd1 $16) 23.
Rcd1 Rc8 $6 (23... Rad8 $1 24. f7+ $1 (24. Rxd7 $5 Rxd7 25. Rg1 {+/=/+/-})
24... Nxf7 25. Qxc7 Rxc7 26. Rxd8+ Nxd8 27. Na4 $1 $16) 24. Rxd7 (24. Rhg1 $5)
24... Nxd7 25. Qxc7 Rxc7 26. Rd1 Kf7 (26... Nxf6 27. Rd6) 27. Rd6 Bc6 28. Bf1
Kxf6 $2 (28... Nxf6 29. Bh3 Ne8 $1 30. Rd8 Ke7 31. Rb8 Nd6 32. b3 $14) 29. Nd5+
$18 Ke5 (29... Bxd5 30. cxd5 Nf8 31. Rxb6 $18) 30. Rxd7 $1 (30. Rxd7 Rxd7 31.
f4+ Kd6 32. e5#) 1-0

[Event "Seville op"]
[Site "Seville"]
[Date "1992.??.??"]
[Round "3"]
[White "Sanz Alonso, Francisco Javier"]
[Black "Galego, Luis"]
[Result "1-0"]
[WhiteElo "2410"]
[BlackElo "2405"]
[Annotator "Blatny,P"]
[PlyCount "53"]
[EventDate "1992.??.??"]
[EventType "swiss"]
[EventRounds "9"]
[EventCountry "ESP"]
[SourceTitle "CBM 029"]
[Source "ChessBase"]
[SourceDate "1992.08.01"]
[SourceVersion "1"]
[SourceVersionDate "1992.08.01"]
[SourceQuality "1"]

1. e4 c5 2. Nf3 a6 3. c4 {/\[+]} d6 4. d4 cxd4 5. Nxd4 Nf6 6. Nc3 e6 7. Be2 Be7
8. O-O O-O 9. Be3 Qc7 10. Rc1 b6 11. f4 Bb7 12. Bf3 Nbd7 {/\Nc5, קe4} 13. f5
$1 {/\><d5} e5 (13... Nc5 14. b4 Ncxe4 15. fxe6 Nxc3 (15... Qxc4 $2 16. Nxe4
Qxb4 17. Nxf6+ $18) 16. Rxc3 Bxf3 17. Qxf3 $40) (13... exf5 14. Nxf5 Rfe8 15.
Nd5 (15. Bd4 $5 {()}) 15... Nxd5 (15... Bxd5 {><c6}) 16. cxd5 Qd8 (16... Qb8
17. Qa4 b5 18. Qa5 Bd8 19. Qc3 $36) 17. Bd4 $14) 14. Nde2 Qxc4 $2 (14... Rfe8
15. Nd5 Nxd5 16. cxd5 Qd8 $14) 15. Nd5 Nxd5 16. Rxc4 (16. exd5 $2 Qxa2 17. Rc7
Bc8 18. Nc3 Qa5 $17) 16... Nxe3 17. Qc1 (17. Qa4 $2 b5 18. Qb3 Nxc4 $19) 17...
Nxc4 18. Qxc4 Rac8 19. Qd3 {Q:R+B+P} Nc5 20. Qe3 Nxe4 $6 (20... Bf6 $142 {
+/-/ +- _|_}) 21. f6 $1 $18 (21. Bxe4 $2 d5 $1 22. Qg3 Bc5+ 23. Kh1 dxe4 24. f6
g6 25. Qh4 Rfe8 $44) 21... Nxf6 (21... Bxf6 22. Bxe4 $18) (21... gxf6 22. Bxe4
d5 23. Bxh7+ $1 (23. Qg3+ $18) 23... Kxh7 24. Qh3+ Kg6 25. Qg4+ Kh7 26. Rf3 $18
) 22. Bxb7 Rc2 23. Nc3 d5 24. Qxb6 d4 25. Nd5 Nxd5 26. Bxd5 d3 27. Qb3 1-0

[Event "POL-ch 52nd"]
[Site "Warsaw"]
[Date "1995.??.??"]
[Round "11"]
[White "Weglarz, Leszek"]
[Black "Kempinski, Robert"]
[Result "1-0"]
[WhiteElo "2365"]
[BlackElo "2435"]
[Annotator "Bulletin"]
[PlyCount "65"]
[EventDate "1995.02.11"]
[EventType "tourn"]
[EventRounds "17"]
[EventCountry "POL"]
[EventCategory "8"]
[SourceTitle "EXT 1999"]
[Source "ChessBase"]
[SourceDate "1998.11.16"]
[SourceVersion "1"]
[SourceVersionDate "1998.11.16"]
[SourceQuality "1"]

1. e4 c5 2. Nf3 a6 3. c4 d6 4. d4 cxd4 5. Nxd4 Nf6 6. Nc3 e6 7. Be2 Be7 8. Be3
Qc7 9. g4 h6 10. h4 Nfd7 11. Qa4 Nc6 12. O-O-O Nc5 13. Qc2 Nb4 14. Qb1 Bf6 15.
g5 Bxd4 16. Bxd4 e5 17. Be3 Be6 18. b3 b5 19. a3 Nc6 20. b4 Nd7 21. gxh6 gxh6
22. Qd3 Nd4 23. Bxd4 Bxc4 24. Bb6 $1 Nxb6 25. Qxd6 Rc8 26. Bxc4 Nxc4 27. Qf6
Nb6 28. Rh3 $1 Rg8 29. Rd6 Nc4 30. Rd5 (30. Re6+ fxe6 31. Qxe6+ Kf8 32. Rf3+
Kg7 33. Rf6 Qd6 34. Qf7+ Kh8 35. Rxd6 Nxd6 36. Qf6+ $16) 30... Rg6 31. Qf5 Rc6
$2 32. Rg3 Qb6 33. Rd7 (33. Rg8+ Ke7 34. Rd7#) 1-0

[Event "Goch op 24th"]
[Site "Goch"]
[Date "2013.09.08"]
[Round "6"]
[White "Burg, Twan"]
[Black "Podzielny, Karl Heinz"]
[Result "1-0"]
[WhiteElo "2490"]
[BlackElo "2438"]
[Annotator "CB"]
[PlyCount "109"]
[EventDate "2013.09.05"]
[EventType "swiss"]
[EventRounds "7"]
[EventCountry "GER"]
[SourceTitle "EXT 2015"]
[Source "ChessBase"]
[SourceDate "2014.11.20"]
[SourceVersion "1"]
[SourceVersionDate "2014.11.20"]
[SourceQuality "1"]

1. e4 c5 2. Nf3 e6 3. d4 cxd4 4. Nxd4 a6 5. c4 Nf6 6. Nc3 Qc7 7. a3 d6 8. Be3
Nbd7 9. Rc1 g6 10. Be2 Bg7 11. O-O O-O 12. b4 b6 13. f3 Bb7 14. Nb3 Rac8 15.
Kh1 Qb8 16. Qd2 Rfd8 17. Rfd1 Bf8 18. Na4 Bc6 19. Nb2 Bb7 20. Bf1 Ba8 21. Qf2
Rc6 22. Na4 Rdc8 23. Rb1 Be7 24. Rd2 Bd8 {After carefully preventing his pawn
breaks and preparing mine, it is time now for the right pawnbreak.} 25. b5 $1
Rxc4 26. Bxc4 Rxc4 27. Nb2 Rc3 28. Nd1 $1 {The pointe of the positioning of my
rooks.} Rc4 29. bxa6 {When black manages to win the a6 pawn, he has reasonable
compensation. But as turns out, this is not so easy.} d5 30. exd5 (30. Nc5 $1 {
Would be very strong, making use of several pins.} Nxc5 31. Bxc5) 30... Nxd5
31. Rd4 (31. Rc2 $1 {Taking the c-file.} Rh4 {Is probably not really something
to be afraid of.} 32. h3 e5 33. Rbc1 $16) 31... Qc8 32. Qe2 Rc2 33. Rc1 $1 Rxc1
(33... Rxe2 34. Rxc8 Nxe3 35. Rxd8+ Nf8 36. h4 $18) 34. Bxc1 Bf6 35. Rd2 Ne5
36. Rc2 Qd7 {In the next phase I missed some better possibilities.} 37. Nf2 (
37. Bb2 $1 Nf4 38. Qd2 $1 Nd5 39. Ne3 $16) 37... Bc6 38. Nd4 (38. f4 $1 Bb5 39.
a7 $1 $18) 38... Ba4 39. f4 Ng4 40. Nxg4 Bxd4 41. Qc4 {I decided to give the
exchange back for black square domination.} (41. Bb2 $1 Bxb2 (41... Bb5 42. a7
$1) 42. Rxb2 Qc8 43. h3 $18) 41... Bxc2 42. Qxd4 Qb5 $1 {This move I missed.}
43. Kg1 (43. a7 Qf1+ 44. Qg1 Qa6) 43... Qxa6 (43... Qc5 {I thought this
endgame would be drawish, but I have still good dark square domination.} 44.
Qxc5 bxc5 45. a7 Nc7 46. Be3 c4 47. Nf6+ $1 Kh8 (47... Kg7 48. Ne8+) 48. Bd4
Na8 49. Kf2 $16) 44. Bb2 Kf8 45. Qh8+ Ke7 46. Bg7 (46. Bf6+ $5 Nxf6 47. Qxf6+
Ke8 48. Ne5 Qb7 49. Qh8+ Ke7 50. Qxh7 {I thought this would be slow, but black
has no counterplay.} Kd6 51. Qxf7 $16) 46... Kd7 47. Ne5+ Kc7 48. Qe8 Qa4 49.
Qxf7+ Kb8 50. Nd7+ Ka8 $2 {The decisive mistake.} (50... Kc8 $1 {It is
complicated to see, but this is the only way for black to survive.} 51. Qe8+
Kb7 52. Qb8+ Ka6 $11) 51. Qxe6 Nxf4 52. Qd6 {Mate is inevitable.} Ne2+ (52...
Kb7 53. Qb8+ (53. Qxb6+ $2 Kc8 54. Nc5 $2 Qa8 $1) 53... Kc6 54. Ne5+ Kb5 55.
Qe8+ Kc5 56. Qe7+ Kb5 57. Qd7+ Kc5 (57... Ka6 58. Nc6) 58. Bf8#) 53. Kh1 Qa7
54. Qf8+ Kb7 55. Qf3+ {And white wins the black queen.} 1-0

[Event "Dos Hermanas-C"]
[Site "Dos Hermanas"]
[Date "2005.04.02"]
[Round "2"]
[White "Barrero Garcia, Carlos"]
[Black "Komljenovic, Davorin"]
[Result "0-1"]
[WhiteElo "2337"]
[BlackElo "2477"]
[Annotator "CB"]
[PlyCount "52"]
[EventDate "2005.04.01"]
[EventType "tourn"]
[EventRounds "9"]
[EventCountry "ESP"]
[EventCategory "4"]
[SourceTitle "CBM 105 Extra"]
[Source "ChessBase"]
[SourceDate "2005.05.01"]
[SourceVersion "1"]
[SourceVersionDate "2005.05.01"]
[SourceQuality "1"]

1. e4 c5 2. Nf3 e6 3. d4 cxd4 4. Nxd4 a6 5. c4 Nf6 6. Nc3 Qc7 7. a4 b6 8. Be3
Bb7 9. f3 d6 10. Be2 Nbd7 11. O-O Be7 12. Rc1 O-O 13. b4 Rfe8 14. Kh1 Rac8 15.
Nb3 Qb8 16. Qd2 Bd8 17. Rfd1 Bc7 18. Bg1 Rcd8 {Diagrama #} 19. Bf1 $6 (19. Qc2)
19... d5 20. cxd5 $6 (20. Qe1) 20... exd5 21. exd5 $6 Bf4 22. Qb2 Bxc1 23. Qxc1
Qe5 24. Bd4 Qh5 25. d6 Re6 26. Qf4 Nd5 0-1

[Event "Buenos Aires"]
[Site "Buenos Aires"]
[Date "1980.??.??"]
[Round "?"]
[White "Quinteros, Miguel Angel"]
[Black "Giardelli, Sergio Carlos"]
[Result "1-0"]
[WhiteElo "2515"]
[BlackElo "2300"]
[Annotator "Chekhov,V"]
[PlyCount "82"]
[EventDate "1980.10.15"]
[EventType "tourn"]
[EventRounds "13"]
[EventCountry "ARG"]
[EventCategory "13"]
[SourceTitle "MCL"]
[Source "ChessBase"]
[SourceDate "1999.07.01"]
[SourceVersion "1"]
[SourceVersionDate "1999.07.01"]
[SourceQuality "1"]

1. c4 Nf6 2. Nc3 c5 3. Nf3 d6 4. d4 cxd4 5. Nxd4 e6 6. e4 a6 7. Be2 b6 8. f4
Bb7 9. Bf3 Qc7 $6 (9... Nbd7 10. e5 Bxf3 11. Nxf3 dxe5 12. fxe5 Ng4 13. Bf4 (
13. Qd4 h5 {/\ Bc5}) 13... Qc7 14. Qe2 Rc8 15. h3 Nh6 $13) 10. Qe2 Nc6 $2 (
10... Be7 $5 {/\ Nbd7}) 11. Nxc6 Bxc6 12. Nd5 $1 $16 Qb7 13. O-O (13. a4 $1)
13... Rc8 $6 (13... b5 14. b3 $1 bxc4 15. bxc4 {/\ Bb2,Ba3}) (13... Be7 $5) 14.
Re1 (14. b3 $5) 14... Be7 15. Nxe7 Qxe7 16. b3 O-O 17. Ba3 e5 (17... Rfd8 $5
18. e5 Ne8 19. f5 $1) 18. Rad1 Rfd8 19. Qd2 Ne8 20. fxe5 Qxe5 21. Bb2 Qe7 22.
a4 Qb7 23. Kh1 (23. Bd4 $1 b5 $140 24. cxb5 axb5 25. a5 b4 (25... Rd7 26. b4)
26. Bb6) 23... b5 24. cxb5 axb5 25. a5 b4 26. Bd4 f5 (26... d5 27. e5 {/\ Bb6})
27. Bb6 Rd7 (27... fxe4 28. Bg4) 28. Qf4 (28. Qxb4 Nf6) 28... Nf6 (28... fxe4
29. Bxe4 Bxe4 30. Qxe4 Qxe4 31. Rxe4 $18) (28... Rf7 29. exf5 Bxf3 30. Qxf3
Qxf3 31. gxf3 Rxf5 32. Rc1 Ra8 (32... Rxc1 33. Rxc1 Rxf3 34. a6 $18) 33. Rc4
Rxf3 (33... Rb5 34. Ree4 d5 35. Rxb4 Rxb6 36. Rxe8+ Rxe8 37. Rxb6 $18) 34. Rxb4
$16) 29. exf5 Bxf3 30. Qxf3 $18 d5 31. Rd4 Re7 32. Rf1 (32. Qd1 Ne4 $1) 32...
Rc3 33. Qd1 Qa6 34. Rxb4 Rd3 35. Qc1 Rc3 (35... Ne4 $5) 36. Qd1 Re2 (36... Rd3
37. Qb1) 37. Bd4 (37. Rbf4 $18) 37... Rd2 38. Qe1 (38. Bxc3 Rxd1 39. Rxd1 Ne4
40. Bd4 $18) 38... Rcc2 39. Bxf6 Re2 40. Qd1 Rcd2 41. Qc1 Rc2 (41... Qxf6 42.
Qc8+ Qf8 43. Qxf8+ Kxf8 44. Rg4 d4 45. h4 d3 46. Rf3 Rd1+ 47. Kh2 d2 48. Rd3
Ra1 49. Rgd4 Rxa5 50. Rxd2 Rxd2 51. Rxd2 Rxf5 52. Re2 (52. b4 $2 Rf4 $5) (52.
Rb2 Rf4 53. g3 Rb4 54. Kg2 Ke7 55. Kf3 Kd6 56. Ke3 Rg4 $1) 52... Rb5 53. Re3 {
/\ g3,Kg2-f3-e2-d2-c3}) (41... Rc2 42. Qg5 Rxg2 (42... Qxf6 43. Qxf6 gxf6 44.
Rg4+ Kf7 45. h4 $18) 43. Rb8+ Kf7 44. Qh5+ Kxf6 45. Rb6+ $18) 1-0

[Event "Berliner Sommer 06th"]
[Site "Berlin West"]
[Date "1988.??.??"]
[Round "4"]
[White "Stohl, Igor"]
[Black "Forintos, Gyozo Victor"]
[Result "1/2-1/2"]
[WhiteElo "2445"]
[BlackElo "2365"]
[Annotator "ChessBase"]
[PlyCount "61"]
[EventDate "1988.08.06"]
[EventType "swiss"]
[EventRounds "9"]
[EventCountry "GER"]
[SourceTitle "TD"]
[Source "ChessBase"]
[SourceDate "1994.03.01"]
[SourceVersion "1"]
[SourceVersionDate "1994.03.01"]
[SourceQuality "1"]

1. c4 c5 2. Nf3 Nf6 3. Nc3 Nc6 4. d4 cxd4 5. Nxd4 a6 6. e4 Qc7 7. Be3 e6 8. a3
Ne5 9. Rc1 Neg4 10. Bg5 Bc5 11. Bh4 b5 12. b4 Ba7 13. h3 Ne5 14. cxb5 Qb6 15.
Nb3 axb5 16. Bxb5 O-O 17. Qe2 Ng6 18. Bg3 Bb8 19. Na4 Rxa4 20. Bxa4 Bxg3 21.
fxg3 Qa7 22. Na5 Ba6 23. Qf2 Qa8 24. Qe3 Ne5 25. Bc2 Rc8 26. Bb1 Rxc1+ 27. Qxc1
Bd3 28. Kf2 Nxe4+ 29. Kg1 Bxb1 30. Qxb1 Nxg3 $4 (30... Qa7+ 31. Kh2 Nf3+) 31.
Qe1 1/2-1/2

[Event "OHRA Crown Group"]
[Site "Amsterdam"]
[Date "1985.07.19"]
[Round "5"]
[White "Miles, Anthony John"]
[Black "Martinovic, Slobodan"]
[Result "1-0"]
[WhiteElo "2560"]
[BlackElo "2430"]
[Annotator "ChessBase"]
[PlyCount "89"]
[EventDate "1985.07.15"]
[EventType "tourn"]
[EventRounds "10"]
[EventCountry "NED"]
[EventCategory "14"]
[SourceTitle "MCL"]
[Source "ChessBase"]
[SourceDate "1999.07.01"]
[SourceVersion "1"]
[SourceVersionDate "1999.07.01"]
[SourceQuality "1"]

1. d4 Nf6 2. c4 e6 3. Nf3 a6 4. Nc3 c5 5. e4 cxd4 6. Nxd4 Bb4 7. Bd3 Qc7 8. O-O
O-O 9. Bg5 Be7 10. Qe2 d6 11. Kh1 Nc6 12. Nxc6 bxc6 13. c5 d5 14. e5 Ne8 15.
Bxe7 Qxe7 16. Na4 Ra7 17. Nb6 Nc7 18. Rac1 g6 19. Qg4 a5 20. Qa4 Bb7 21. f4 Na8
22. b4 Qc7 23. Nxa8 Rfxa8 24. b5 cxb5 25. Bxb5 Ba6 26. c6 Bxb5 27. Qxb5 a4 28.
Rc2 Ra5 29. Qb4 R5a6 30. Qd6 Rc8 31. Rfc1 Rb6 32. g4 Qa7 33. f5 exf5 34. gxf5
Qc7 35. Qxd5 Rd8 36. Qe4 Re8 37. e6 fxe6 38. fxg6 h6 39. Qe3 Rb5 40. Qxh6 Re7
41. Rf2 Qd8 42. g7 Rxg7 43. Qxe6+ Kh7 {[#]} 44. c7 $2 Rxc7 $2 (44... Qa8+ 45.
Qc6 Qxc6+ 46. Rxc6 Rb1+ $19) 45. Rxc7+ $18 (45. Rxc7+ Qxc7 46. Rf7+ $18) 1-0

[Event "Linares Anibal op 03rd"]
[Site "Linares"]
[Date "1996.??.??"]
[Round "?"]
[White "Cifuentes Parada, Roberto"]
[Black "Lobron, Eric"]
[Result "1/2-1/2"]
[WhiteElo "2490"]
[BlackElo "2590"]
[Annotator "Cifuentes Parada,L"]
[PlyCount "85"]
[EventDate "1996.01.??"]
[EventType "swiss"]
[EventRounds "10"]
[EventCountry "ESP"]
[SourceTitle "CBM 051"]
[Source "ChessBase"]
[SourceDate "1996.04.01"]
[SourceVersion "1"]
[SourceVersionDate "1996.04.01"]
[SourceQuality "1"]

1. Nf3 Nf6 2. c4 c5 3. Nc3 e6 4. e4 Nc6 (4... d5 5. exd5 exd5 6. d4 Nc6 7. dxc5
d4 8. Na4 $13) 5. Be2 a6 (5... d5 6. exd5 exd5 7. d4 Be6 $1 (7... Bg4 8. O-O
Be7 9. dxc5 dxc4 10. Be3 Bxf3 11. Bxf3 O-O 12. Qa4 Qc8 13. Bxc6 $1 Qxc6 14.
Qxc4 $16 {Cifuentes,R-Kohlweyer,B /Groningen 1990}) (7... Be7 8. O-O O-O 9. Be3
dxc4 10. dxc5 Ng4 11. Bf4 Bxc5 12. Ne4 Be7 13. Bxc4 $14 {0-1 Cifuentes,
R-Rodriguez,Am /Dieren open 1989}) 8. Bg5 cxd4 9. Nxd4 Nxd4 10. Qxd4 dxc4 11.
Qh4 Be7 12. Bxc4 Bxc4 13. Qxc4 Qa5 $1 $10 {Cifuentes,R-Kohlweyer,B /Groningen
Open 1992}) (5... b6 6. O-O Bb7 7. d4 cxd4 8. Nxd4 Nxd4 9. Qxd4 Bc5 10. Qd3 Qc7
11. Be3 O-O 12. Rfd1 Rfd8 13. Rac1 Rac8 14. a3 Qe5 15. Bxc5 bxc5 16. Bf3 Ba6
17. b3 {1/2-1/2 Cifuentes,R-Piket,Jeroen/Eindhoven ch-NL (01) 1992}) (5... Qc7
6. O-O Ng4 7. g3 Nge5 8. Nxe5 Qxe5 9. d3 Qc7 10. Nb5 Qb8 11. b3 a6 12. Na3 Be7
13. Bb2 Bf6 14. Bxf6 gxf6 15. Nc2 Qd6 16. Qd2 h5 17. h4 b6 18. Rfd1 Bb7 19. d4
cxd4 20. Nxd4 Nxd4 21. Qxd4 Qxd4 22. Rxd4 Ke7 23. f3 Ra7 {1/2-1/2 Savon,
V-Fominyh,A / Alushta 1993}) 6. O-O Qc7 7. d4 cxd4 8. Nxd4 Bb4 (8... h5 $6 9.
g3 h4 10. Be3 hxg3 11. hxg3 Bb4 12. Nxc6 bxc6 13. Qd3 $1 $14 (13. Bf3 Bxc3 14.
bxc3 d5 15. cxd5 cxd5 16. exd5 Nxd5 17. Bxd5 exd5 18. Bf4 Qc4 19. Re1+ Be6 20.
Qd4 Qxd4 21. cxd4 {1/2-1/2 Cifuentes,R-Bischoff,K/ Groningen 1990})) 9. Nxc6
dxc6 10. Be3 $5 (10. Qc2 Bc5 $5 $10) 10... Bxc3 11. bxc3 c5 $5 (11... Nxe4 12.
Qd4 Nf6 (12... f5 13. Bh5+ Kf8 14. Rad1 $18) 13. Bf4 $16) (11... Qe5 $5 12. f3
Qxc3 13. Bc5 $44) 12. Qc2 e5 (12... O-O $2 13. f4 $16) 13. f4 Bg4 (13... Ng4
14. Bxg4 Bxg4 15. f5 f6 16. h3 Bh5 17. Qa4+ $16) 14. fxe5 Bxe2 15. Qxe2 Qxe5
16. Bf4 $1 Qe6 $1 (16... Qxe4 $2 17. Rae1 $1 Qxe2 18. Rxe2+ Kf8 19. Bd6+ Kg8
20. Bxc5 $16) (16... Qxc3 17. Rad1 $1 (17. e5 Qd4+ 18. Kh1 Ne4 $13) 17... O-O
18. Rf3 Qa5 19. Bg5 $16) 17. e5 O-O 18. Rad1 Rae8 19. Rfe1 Qf5 $1 20. Qf3 Nh5
$1 21. Bc1 $1 Qxf3 (21... Rxe5 $2 22. Qxf5 Rxf5 23. g4 $18) 22. gxf3 Re6 $10
23. Rd5 b6 24. a4 a5 25. Kf2 Rfe8 26. Bd2 h6 27. f4 f6 28. Kf3 fxe5 29. fxe5
Kf7 30. Kg4 Kg6 31. Rd6 Rxd6 32. exd6 Nf6+ 33. Kf4 Kf7 34. Rxe8 Kxe8 35. Kf5
Kf7 36. h4 Nd7 37. Bf4 g6+ 38. Ke4 Ke6 39. Bxh6 Ne5 40. d7 Nxd7 41. Bg7 Kd6 42.
Kf4 Ke6 43. Ke4 (43. Bh8 Kf7 $10) 1/2-1/2

[Event "Moscow-4teams"]
[Site "Moscow"]
[Date "1981.02.24"]
[Round "2.8"]
[White "Chiburdanidze, Maia"]
[Black "Suetin, Alexey S"]
[Result "1-0"]
[WhiteElo "2425"]
[BlackElo "2460"]
[Annotator "Dolmatov,S"]
[PlyCount "65"]
[EventDate "1981.02.22"]
[EventType "team"]
[EventRounds "6"]
[EventCountry "URS"]
[SourceTitle "MCL"]
[Source "ChessBase"]
[SourceDate "1999.07.01"]
[SourceVersion "1"]
[SourceVersionDate "1999.07.01"]
[SourceQuality "1"]
[WhiteTeam "Soviet Union U26"]
[BlackTeam "Soviet Union Seniors"]
[WhiteTeamCountry "URS"]
[BlackTeamCountry "URS"]

1. e4 c5 2. Nf3 e6 3. d4 cxd4 4. Nxd4 a6 5. c4 Nf6 6. Nc3 Qc7 $6 (6... Bb4 7.
Bd3 Nc6 $13) 7. Bd3 (7. a3 $5 $14) 7... Nc6 8. Nde2 Bc5 9. O-O (9. h3 d6 10.
O-O O-O 11. Bg5 Nd7 $10 {Nei,I-Kholmov,R/URS/1964/}) 9... Ne5 (9... Ng4 10. Bf4
Bd6 11. Bxd6 Qxd6 12. Ng3 h5 13. Be2 $1 $14) 10. h3 (10. Bf4 $6 Nh5 $132) 10...
d6 11. Bg5 Nfd7 12. Rc1 h6 (12... Nxd3 13. Qxd3 Ne5 14. Qg3 Nxc4 $2 15. Nb1 b5
16. b3 $16) 13. Bf4 g5 14. Bh2 Nxd3 (14... Nf8 15. a3 Nfg6 16. b4 Ba7 $14) 15.
Qxd3 Ne5 16. Qb1 Bd7 17. b4 Ba7 18. Rfd1 f6 (18... Nxc4 $2 19. Bxd6 Nxd6 20.
Nd5 Qd8 21. Qb2 $40) 19. Nd4 Kf7 20. Nce2 Rac8 21. Qb3 Rhd8 22. Kh1 {/\ f4}
Nxc4 23. f4 b5 24. Qf3 Rf8 25. e5 $1 Kg7 (25... fxe5 26. fxe5+ Kg7 27. exd6 $16
) (25... dxe5 26. fxe5 f5 27. Nxf5 exf5 28. e6+ $18) 26. exd6 Qd8 27. f5 exf5
28. Nxf5+ Bxf5 29. Qxf5 Rc6 30. Ng3 $18 Rf7 31. Qd5 Qd7 32. Nf5+ Kh7 33. Ne7
1-0